00533nam a22001577a 450000500170000001000150001702000260003203500140005803700130007208200170008510000200010224500920012226000540021427000790026830000280034720230124105326.0 aENG-136046 a9788125062899c995.00 aEN-119578 bDBAD/PUB a616.39800954 aSolomon, Harris aMetabolic Living:bFood, Fat and the Absorption of Illness In India/cby Harris Solomon aHyderabadbOrient Blackswan Private Limitedc2016 a3-6-752 HimayatnagarbHyderabade500029mcentraloffice@orientblackswan.com a292p.bIndexc24cm(hbk)